| 000 | 00423nam a22001817a 4500 | ||
|---|---|---|---|
| 003 | CEME | ||
| 005 | 20210628203110.0 | ||
| 008 | 210218b xxu||||| |||| 00| 0 eng d | ||
| 020 | _a81-7024-945-7 | ||
| 040 | _c. | ||
| 082 | _a004.67 SHA | ||
| 100 |
_aShamim Ahmed _963301 |
||
| 245 | _aThe world of internet | ||
| 260 |
_aNEW DELHI _bA.P.H _c1998 |
||
| 300 | _aV,180P | ||
| 650 |
_aINTERNET _917965 |
||
| 942 |
_cBK _2ddc |
||
| 999 |
_c572168 _d572168 |
||